THE WORLD OF PLANTS (Record no. 1788)
[ view plain ]
| 000 -LEADER | |
|---|---|
| fixed length control field | 00323nam a22001457a 4500 |
| 020 ## - INTERNATIONAL STANDARD BOOK NUMBER | |
| ISBN | 978-0-7166-2267-3 |
| 082 ## - DEWEY DECIMAL CLASSIFICATION NUMBER | |
| Classification number | 001 |
| Item number | CAR/W |
| 100 ## - MAIN ENTRY--AUTHOR NAME | |
| Personal name | CHILDCRAFT |
| 245 ## - TITLE STATEMENT | |
| Title | THE WORLD OF PLANTS |
| 250 ## - EDITION STATEMENT | |
| Edition statement | REVISED PRINTING |
| 260 ## - PUBLICATION, DISTRIBUTION, ETC. (IMPRINT) | |
| Place of publication | USA |
| Name of publisher | WORLD BOOK |
| Year of publication | 2013 |
| 300 ## - PHYSICAL DESCRIPTION | |
| Number of Pages | 192 |
| 650 ## - SUBJECT ADDED ENTRY--TOPICAL TERM | |
| Topical Term | ENCYCLOPEDIA |
| Geographic subdivision | INDIA |
| 942 ## - ADDED ENTRY ELEMENTS (KOHA) | |
| Koha item type | Books |
| Withdrawn status | Lost status | Collection code | Home library | Current library | Shelving location | Date acquired | Source of acquisition | Full call number | Accession Number | Koha item type |
|---|---|---|---|---|---|---|---|---|---|---|
| Reference | Main Library | Main Library | SHELF 1-B DICTIONARIES& ENCYCLOPEDIAS | 23/04/2013 | purchase | 001 CAR/W | 07345 | Books | ||
| Reference | Main Library | Main Library | SHELF 1-B DICTIONARIES& ENCYCLOPEDIAS | 15/05/2015 | purchase | 001 CAR/W | 09530 | Books | ||
| Reference | Main Library | Main Library | SHELF 1-B DICTIONARIES& ENCYCLOPEDIAS | 19/04/2013 | purchase | 001 CAR/W | 07314 | Books |